[Event "Urals-ch"]
[Site "Cheliabinsk"]
[Date "2022.03.20"]
[Round "5"]
[White "Kopylov, Artem"]
[Black "Savitskiy, Sergey"]
[Result "0-1"]
[WhiteElo "2169"]
[BlackElo "2422"]
[PlyCount "86"]
[EventDate "2022.03.16"]
[EventType "swiss"]
[EventRounds "9"]
[EventCountry "RUS"]
[SourceTitle "CBM 207 Extra"]
[Source "ChessBase"]
[SourceDate "2022.05.31"]
[SourceVersion "1"]
[SourceVersionDate "2022.05.31"]
[SourceQuality "1"]

1. Nf3 g6 2. c4 Bg7 3. Nc3 f5 4. d4 Nf6 5. g3 0-0 6. Bg2 d6 7. b3 c6 8. Bb2 Qa5 9. 0-0 e5 10. dxe5 dxe5 11. e4 f4 12. gxf4 Bg4 13. h3 Bxf3 14. Bxf3 exf4 15. Ne2 Qg5+ 16. Kh1 Qh4 17. Ng1 Nfd7 18. Bxg7 Kxg7 19. Qd4+ Qf6 20. Qxf6+ Kxf6 21. Rfd1 Ke7 22. Bg4 Ne5 23. Kg2 h5 24. Be2 Nbd7 25. b4 Rf6 26. h4 f3+ 27. Nxf3 Nxf3 28. Rxd7+ Kxd7 29. Rd1+ Ke6 30. Bxf3 Raf8 31. Rd3 Ke5 32. c5 Rf4 33. Kg3 g5 34. hxg5 h4+ 35. Kg2 Rg8 36. a4 Rxg5+ 37. Kh2 Rg6 38. Kh3 Rgf6 39. Bg4 Rxe4 40. b5 Rxf2 41. Bc8 Rf7 42. bxc6 bxc6 43. Bd7 Rd4 0-1

[Event "Ekaterinburg Sysoev Memorial Rapid"]
[Site "Ekaterinburg"]
[Date "2021.11.28"]
[Round "7"]
[White "Barantsev, Kirill"]
[Black "Kopylov, Artem"]
[Result "0-1"]
[WhiteElo "1544"]
[BlackElo "2124"]
[PlyCount "66"]
[EventDate "2021.11.28"]
[EventType "swiss (rapid)"]
[EventRounds "8"]
[EventCountry "RUS"]
[SourceTitle "EXT 2023"]
[Source "ChessBase"]
[SourceDate "2022.10.05"]
[SourceVersion "1"]
[SourceVersionDate "2022.10.05"]
[SourceQuality "1"]

1. e4 e5 2. Nf3 Nc6 3. d4 exd4 4. Bc4 Nf6 5. e5 d5 6. Bb5 Ne4 7. Nxd4 Bc5 8. Be3 Bd7 9. Bxc6 bxc6 10. 0-0 0-0 11. f3 Ng5 12. f4 Ne4 13. Nd2 f5 14. N2f3 Qe7 15. c3 Bb6 16. b4 Nxc3 17. Qb3 Ne4 18. Rac1 a5 19. Nxc6 Bxe3+ 20. Qxe3 Bxc6 21. Rxc6 axb4 22. Rfc1 Nc3 23. Nd4 Rxa2 24. Qd3 Qh4 25. Qf3 Rd2 26. R6xc3 bxc3 27. Qe3 c5 28. Nf3 d4 29. Qe1 Qxe1+ 30. Rxe1 c4 31. e6 d3 32. Kf1 Re8 33. h3 Rb2 0-1

[Event "Ekaterinburg Sysoev Memorial Rapid"]
[Site "Ekaterinburg"]
[Date "2021.11.28"]
[Round "6"]
[White "Smirnov, Mikhail"]
[Black "Kopylov, Artem"]
[Result "0-1"]
[WhiteElo "2108"]
[BlackElo "2124"]
[PlyCount "77"]
[EventDate "2021.11.28"]
[EventType "swiss (rapid)"]
[EventRounds "8"]
[EventCountry "RUS"]
[SourceTitle "EXT 2023"]
[Source "ChessBase"]
[SourceDate "2022.10.05"]
[SourceVersion "1"]
[SourceVersionDate "2022.10.05"]
[SourceQuality "1"]

1. e4 e5 2. Nf3 Nc6 3. Bc4 Nf6 4. Ng5 d5 5. exd5 Na5 6. Bb5+ c6 7. dxc6 bxc6 8. Bd3 Ng4 9. Nf3 Bc5 10. 0-0 f5 11. Be2 e4 12. Ng5 Nxf2 13. Rxf2 Bxf2+ 14. Kxf2 Qxg5 15. d3 Qf6 16. dxe4 fxe4+ 17. Kg1 0-0 18. Be3 Be6 19. Nc3 Nc4 20. Nxe4 Qe5 21. Bxc4 Bxc4 22. Qd4 Qxd4 23. Bxd4 Rf4 24. Re1 Bd5 25. Nf6+ gxf6 26. Bc3 Kf7 27. g3 Re4 28. Rf1 Re6 29. Bd4 a6 30. b3 c5 31. Bxc5 Rc8 32. b4 Re2 33. Rf5 Be4 34. Rf4 f5 35. Bd4 Rd8 36. Kf1 Rxh2 37. g4 Kg6 38. gxf5+ Bxf5 39. a4 0-1

[Event "Cheliabinsk Panchenko Memorial op-A"]
[Site "Cheliabinsk"]
[Date "2021.09.20"]
[Round "9"]
[White "Bespalov, Elisei"]
[Black "Kopylov, Artem"]
[Result "1/2-1/2"]
[WhiteElo "1877"]
[BlackElo "2127"]
[PlyCount "120"]
[EventDate "2021.09.13"]
[EventType "swiss"]
[EventRounds "10"]
[EventCountry "RUS"]
[SourceTitle "CBM 204 Extra"]
[Source "ChessBase"]
[SourceDate "2021.11.30"]
[SourceVersion "1"]
[SourceVersionDate "2021.11.30"]
[SourceQuality "1"]

1. e4 e5 2. Nf3 Nc6 3. d4 exd4 4. Nxd4 Nf6 5. Nc3 Bb4 6. Nxc6 bxc6 7. Bd3 0-0 8. 0-0 d5 9. exd5 cxd5 10. h3 c6 11. Qf3 Bd6 12. Bf4 Re8 13. Rfe1 Be6 14. Ne2 c5 15. Rad1 d4 16. Bxd6 Qxd6 17. Ng3 c4 18. Ne4 Nxe4 19. Bxe4 Rad8 20. b3 Qb4 21. Bd5 d3 22. cxd3 cxb3 23. axb3 Bxd5 24. Rxe8+ Rxe8 25. Qxd5 Rb8 26. Rc1 g6 27. g3 Qb6 28. Re1 Rd8 29. Qc4 Rd4 30. Re8+ Kg7 31. Qc3 Qb4 32. Qa1 Kh6 33. Qxa7 Rxd3 34. Qxf7 Qd4 35. Re7 Rxg3+ 36. Kh2 Rxb3 37. Qxh7+ Kg5 38. Rf7 Rb2 39. Kg3 Rb3+ 40. Kh2 Rb2 41. Kg2 Qe4+ 42. Rf3 Rb3 43. Qf7 Rxf3 44. Qxf3 Qxf3+ 45. Kxf3 Kh4 46. Kg2 g5 47. f3 Kh5 48. Kg3 Kh6 49. Kg4 Kg6 50. Kg3 Kf6 51. Kf2 Kf5 52. Ke3 Ke5 53. Ke2 Ke6 54. Kf2 Kf6 55. Kg2 Kg6 56. Kh2 Kf6 57. Kg3 Kf5 58. Kf2 Kf6 59. Kf1 Kf5 60. Kg2 Kf6 1/2-1/2

[Event "Cheliabinsk Panchenko Memorial op-A"]
[Site "Cheliabinsk"]
[Date "2021.09.19"]
[Round "7"]
[White "Kozlov, Denis1111"]
[Black "Kopylov, Artem"]
[Result "1/2-1/2"]
[WhiteElo "2245"]
[BlackElo "2127"]
[PlyCount "119"]
[EventDate "2021.09.13"]
[EventType "swiss"]
[EventRounds "10"]
[EventCountry "RUS"]
[SourceTitle "CBM 204 Extra"]
[Source "ChessBase"]
[SourceDate "2021.11.30"]
[SourceVersion "1"]
[SourceVersionDate "2021.11.30"]
[SourceQuality "1"]

1. c4 Nf6 2. Nf3 e6 3. g3 b6 4. Bg2 Bb7 5. 0-0 c5 6. Nc3 Be7 7. Re1 d6 8. e4 0-0 9. d4 cxd4 10. Nxd4 a6 11. e5 dxe5 12. Bxb7 Ra7 13. Nxe6 Qxd1 14. Nxd1 fxe6 15. Bg2 Nbd7 16. Bh3 Kf7 17. b3 Rd8 18. Bb2 e4 19. Re2 Nc5 20. Ba3 Bd6 21. Ne3 Be5 22. Rd1 Rxd1+ 23. Nxd1 Rd7 24. Ne3 h5 25. Bb2 Nd3 26. Bxe5 Nxe5 27. Bf1 Ke7 28. Kg2 Kd8 29. Rc2 Kc7 30. Be2 g5 31. h3 Nc6 32. Kf1 a5 33. c5 Nd4 34. cxb6+ Kxb6 35. Rc8 Nxe2 36. Kxe2 Nd5 37. Nc4+ Kb5 38. Rb8+ Kc5 39. Nxa5 Nc3+ 40. Kf1 Nxa2 41. Nc4 Nb4 42. Rg8 Nd3 43. Ne3 Rf7 44. Nd1 Nxf2 45. Nxf2 e3 46. Rxg5+ Kd4 47. Rg8 Rxf2+ 48. Ke1 Rh2 49. g4 Rxh3 50. gxh5 Rxh5 51. Rb8 Rh1+ 52. Ke2 Rh2+ 53. Ke1 Rb2 54. Rd8+ Ke4 55. Rb8 e5 56. b4 Kd5 57. Rd8+ Kc4 58. b5 Rxb5 59. Ke2 Rb3 60. Rd7 1/2-1/2

[Event "Cheliabinsk Panchenko Memorial op-A"]
[Site "Cheliabinsk"]
[Date "2021.09.17"]
[Round "5"]
[White "Sadubayev, Airat"]
[Black "Kopylov, Artem"]
[Result "1/2-1/2"]
[WhiteElo "2274"]
[BlackElo "2127"]
[PlyCount "56"]
[EventDate "2021.09.13"]
[EventType "swiss"]
[EventRounds "10"]
[EventCountry "RUS"]
[SourceTitle "CBM 204 Extra"]
[Source "ChessBase"]
[SourceDate "2021.11.30"]
[SourceVersion "1"]
[SourceVersionDate "2021.11.30"]
[SourceQuality "1"]

1. d4 Nf6 2. c4 e6 3. g3 d5 4. Nf3 Be7 5. Bg2 0-0 6. 0-0 Nbd7 7. Qc2 c6 8. Nbd2 b6 9. e4 dxc4 10. Nxc4 Bb7 11. h4 c5 12. e5 Nd5 13. Ng5 g6 14. dxc5 Nxc5 15. Rd1 Rc8 16. Ne3 Nxe3 17. Bxe3 Qc7 18. Bxb7 Qxb7 19. Qe2 Rfd8 20. Rxd8+ Rxd8 21. Rd1 Rxd1+ 22. Qxd1 Qd5 23. Qxd5 exd5 24. Bxc5 Bxc5 25. b3 h6 26. Nh3 Bd4 27. Nf4 Bxe5 28. Nxd5 Kf8 1/2-1/2

[Event "Urals-ch"]
[Site "Khanty-Mansiysk"]
[Date "2021.03.18"]
[Round "8"]
[White "Kopylov, Artem"]
[Black "Radzhabov, Rodion"]
[Result "1/2-1/2"]
[WhiteElo "2084"]
[BlackElo "2344"]
[PlyCount "128"]
[EventDate "2021.03.11"]
[EventType "swiss"]
[EventRounds "9"]
[EventCountry "RUS"]
[SourceTitle "CBM 201 Extra"]
[Source "ChessBase"]
[SourceDate "2021.05.31"]
[SourceVersion "1"]
[SourceVersionDate "2021.05.31"]
[SourceQuality "1"]

1. Nf3 Nf6 2. c4 e6 3. Nc3 c5 4. g3 b6 5. Bg2 Bb7 6. 0-0 Be7 7. Re1 Ne4 8. Nxe4 Bxe4 9. d3 Bb7 10. e4 d6 11. d4 cxd4 12. Nxd4 0-0 13. b3 a6 14. Bb2 Qc7 15. Qg4 g6 16. Rad1 Nd7 17. f4 Nf6 18. Qe2 e5 19. Nc2 Rfe8 20. Ne3 Qc5 21. Qf2 Nxe4 22. Bxe4 Bxe4 23. Ng4 Qxf2+ 24. Kxf2 f5 25. fxe5 dxe5 26. Nxe5 Bb4 27. Re2 Rad8 28. Rd7 Bc5+ 29. Ke1 Bd6 30. Ng4 Rxd7 31. Nf6+ Kf7 32. Nxd7 Rd8 33. Ne5+ Kf8 34. Bc3 Bc5 35. b4 Be7 36. Rd2 Rxd2 37. Kxd2 Bg5+ 38. Ke2 Ke7 39. Nf3 Bc1 40. Bd4 b5 41. cxb5 axb5 42. Bc5+ Kd7 43. Nd4 Bd5 44. Kf2 Bxa2 45. Nxb5 Kc6 46. Nd4+ Kd5 47. Ne2 Bb2 48. Kf3 g5 49. h4 gxh4 50. gxh4 Bb1 51. Nf4+ Kc4 52. Nh5 Be4+ 53. Kf4 Kd5 54. Kg5 Bc1+ 55. Kf6 f4 56. Kg7 Ke6 57. b5 Be3 58. Bxe3 fxe3 59. b6 Ke5 60. Ng3 Bb7 61. Kxh7 Kf4 62. Ne2+ Kg4 63. Kg6 Ba6 64. Nc3 Kxh4 1/2-1/2

[Event "Urals-ch"]
[Site "Khanty-Mansiysk"]
[Date "2021.03.15"]
[Round "5"]
[White "Polosin, Evgeni"]
[Black "Kopylov, Artem"]
[Result "1/2-1/2"]
[WhiteElo "2219"]
[BlackElo "2084"]
[PlyCount "75"]
[EventDate "2021.03.11"]
[EventType "swiss"]
[EventRounds "9"]
[EventCountry "RUS"]
[SourceTitle "CBM 201 Extra"]
[Source "ChessBase"]
[SourceDate "2021.05.31"]
[SourceVersion "1"]
[SourceVersionDate "2021.05.31"]
[SourceQuality "1"]

1. e4 e5 2. Nc3 Nc6 3. Bc4 Bc5 4. Nf3 Nf6 5. d3 h6 6. h3 d6 7. a3 0-0 8. g4 Nh7 9. Rg1 Be6 10. g5 Bxc4 11. gxh6 g6 12. dxc4 Nd4 13. Be3 Re8 14. Nxd4 exd4 15. Bxd4 Qh4 16. Qd2 Bxd4 17. Qxd4 Qxh6 18. Qd2 Qh5 19. Qe2 Re5 20. Qxh5 Rxh5 21. 0-0-0 Rxh3 22. Nb5 a6 23. Nxc7 Rc8 24. Nd5 Rxc4 25. Nc3 Nf6 26. Rge1 Rf3 27. Rxd6 Rxf2 28. e5 Nh7 29. e6 fxe6 30. Rexe6 Nf8 31. Re7 Rf7 32. Re8 Kg7 33. Ne4 Nh7 34. Ree6 Nf8 35. Re8 Nh7 36. Ree6 Nf8 37. Re8 Nh7 38. Ree6 1/2-1/2

[Event "Urals-ch"]
[Site "Khanty-Mansiysk"]
[Date "2021.03.14"]
[Round "4"]
[White "Kopylov, Artem"]
[Black "Pingin, Artem"]
[Result "1/2-1/2"]
[WhiteElo "2084"]
[BlackElo "2378"]
[PlyCount "111"]
[EventDate "2021.03.11"]
[EventType "swiss"]
[EventRounds "9"]
[EventCountry "RUS"]
[SourceTitle "CBM 201 Extra"]
[Source "ChessBase"]
[SourceDate "2021.05.31"]
[SourceVersion "1"]
[SourceVersionDate "2021.05.31"]
[SourceQuality "1"]

1. d4 d5 2. c4 e6 3. Nf3 Nf6 4. g3 Be7 5. Bg2 0-0 6. 0-0 Nbd7 7. Qc2 c6 8. Nbd2 b6 9. e4 dxc4 10. Nxc4 Bb7 11. Bf4 c5 12. Rfe1 cxd4 13. Nd6 Bxd6 14. Bxd6 d3 15. Qxd3 Bxe4 16. Qd4 e5 17. Nxe5 Nxe5 18. Bxe5 Bxg2 19. Kxg2 Qxd4 20. Bxd4 Nd5 21. a3 Nc7 22. Rad1 Rfd8 23. Kf3 Ne6 24. Be3 Kf8 25. Rxd8+ Rxd8 26. Rc1 Ke7 27. Ke2 h5 28. Rc4 Rd7 29. h3 g6 30. g4 hxg4 31. hxg4 Kd8 32. f3 Rc7 33. Kd3 Kd7 34. Rxc7+ Nxc7 35. Kd4 f6 36. Ke4 Ke6 37. Bf4 Nd5 38. Bh2 Ne7 39. Bg3 Nc6 40. Be1 f5+ 41. Kf4 Nd4 42. Bf2 Nc6 43. Be1 Ne5 44. Bc3 Nf7 45. gxf5+ gxf5 46. Bd4 Nd8 47. Be5 Nc6 48. Bc3 b5 49. b3 a6 50. Ke3 Kd5 51. Kf4 Ke6 52. Ke3 Kd5 53. Kf4 Ke6 54. Ke3 a5 55. a4 b4 56. Bb2 1/2-1/2

[Event "Urals-ch"]
[Site "Khanty-Mansiysk"]
[Date "2021.03.11"]
[Round "1"]
[White "Dorokhin, Ivan"]
[Black "Kopylov, Artem"]
[Result "0-1"]
[WhiteElo "1593"]
[BlackElo "2084"]
[PlyCount "120"]
[EventDate "2021.03.11"]
[EventType "swiss"]
[EventRounds "9"]
[EventCountry "RUS"]
[SourceTitle "CBM 201 Extra"]
[Source "ChessBase"]
[SourceDate "2021.05.31"]
[SourceVersion "1"]
[SourceVersionDate "2021.05.31"]
[SourceQuality "1"]

1. d4 d5 2. c4 c6 3. cxd5 cxd5 4. Bf4 Nc6 5. Nc3 Nf6 6. e3 a6 7. Bd3 Bg4 8. f3 Bh5 9. Nge2 e6 10. 0-0 Bd6 11. Rc1 0-0 12. Bg5 Bg6 13. Nf4 Bxf4 14. Bxf4 Bxd3 15. Qxd3 Nh5 16. Ne2 Nxf4 17. Nxf4 Rc8 18. Qd2 Qb6 19. Nd3 Na5 20. b3 Nc6 21. Rc5 Rcd8 22. Rfc1 f6 23. f4 Na7 24. f5 exf5 25. Nf4 Nb5 26. Nxd5 Qe6 27. Nc7 Nxc7 28. Rxc7 Qe4 29. Qf2 Rf7 30. Rxf7 Kxf7 31. Qf3 Qxf3 32. gxf3 Rd7 33. f4 g5 34. fxg5 fxg5 35. Rc5 Kf6 36. Kf2 h5 37. Kf3 Re7 38. Rc8 g4+ 39. Kf2 h4 40. Rf8+ Kg6 41. Rg8+ Rg7 42. Rf8 Rc7 43. e4 fxe4 44. Rg8+ Rg7 45. Re8 Kf5 46. Rf8+ Ke6 47. Re8+ Kd5 48. Rd8+ Ke6 49. Re8+ Re7 50. Rg8 Rf7+ 51. Ke3 Kf5 52. Rh8 h3 53. Rg8 Rf6 54. a4 Rb6 55. Rf8+ Kg6 56. Rf4 Kg5 57. Rf8 g3 58. hxg3 h2 59. Rf1 Kg4 60. Kxe4 Kxg3 0-1

[Event "Urals-ch 78th"]
[Site "Cheliabinsk"]
[Date "2020.10.04"]
[Round "8"]
[White "Kopylov, Artem"]
[Black "Zasukhin, Vadim Borisovich"]
[Result "0-1"]
[WhiteElo "2107"]
[BlackElo "2274"]
[PlyCount "122"]
[EventDate "2020.09.27"]
[EventType "swiss"]
[EventRounds "9"]
[EventCountry "RUS"]
[SourceTitle "CBM 198 Extra"]
[Source "ChessBase"]
[SourceDate "2020.11.30"]
[SourceVersion "1"]
[SourceVersionDate "2020.11.30"]
[SourceQuality "1"]

1. Nf3 f5 2. g3 Nf6 3. Bg2 g6 4. d4 Bg7 5. b3 c6 6. 0-0 0-0 7. Bb2 d6 8. c4 e5 9. dxe5 Ng4 10. Qc2 Nxe5 11. Rd1 Qe7 12. Qd2 Na6 13. Nc3 Be6 14. Qxd6 Qxd6 15. Rxd6 Bxc4 16. Nxe5 Bxe5 17. Rd7 Nc5 18. Re7 Bf6 19. Re3 Bf7 20. Na4 Bxb2 21. Nxb2 Rfd8 22. Rd1 a5 23. Rc3 Rxd1+ 24. Nxd1 Rd8 25. Nb2 Na6 26. Nd3 Nb4 27. Nxb4 Rd1+ 28. Bf1 axb4 29. Rc2 Kf8 30. f3 Ke7 31. Kf2 Kd6 32. e3 Bd5 33. Be2 Ra1 34. Rd2 Ke6 35. Bd3 c5 36. Bb5 g5 37. Re2 Ke5 38. h3 h6 39. Rd2 b6 40. g4 f4 41. e4 Be6 42. Kg2 Rc1 43. Kf2 Rc3 44. Ke2 Rc1 45. Kf2 Bf7 46. Kg2 Ke6 47. Bc4+ Ke7 48. Bb5 Be8 49. Bxe8 Kxe8 50. Rd6 Rc2+ 51. Kg1 b5 52. Rb6 Rxa2 53. Rxb5 Rc2 54. Kf1 Rc3 55. Ke2 Kd7 56. Rb6 Rxb3 57. Rxh6 c4 58. h4 Rb2+ 59. Kd1 gxh4 60. Rxh4 b3 61. Rh5 c3 0-1

[Event "Urals-ch 78th"]
[Site "Cheliabinsk"]
[Date "2020.10.01"]
[Round "5"]
[White "Radzhabov, Rodion"]
[Black "Kopylov, Artem"]
[Result "1-0"]
[WhiteElo "2351"]
[BlackElo "2107"]
[PlyCount "43"]
[EventDate "2020.09.27"]
[EventType "swiss"]
[EventRounds "9"]
[EventCountry "RUS"]
[SourceTitle "CBM 198 Extra"]
[Source "ChessBase"]
[SourceDate "2020.11.30"]
[SourceVersion "1"]
[SourceVersionDate "2020.11.30"]
[SourceQuality "1"]

1. e4 e5 2. Nf3 Nc6 3. Bc4 Nf6 4. Ng5 d5 5. exd5 Na5 6. Bb5+ c6 7. dxc6 bxc6 8. Qf3 cxb5 9. Qxa8 Be7 10. 0-0 0-0 11. d4 Nd5 12. Nf3 Nb4 13. Qe4 Bb7 14. Qe2 Bxf3 15. gxf3 exd4 16. a3 Nd5 17. Qxb5 Bd6 18. f4 Re8 19. Qxd5 Re6 20. Kh1 Rh6 21. Qg2 Rg6 22. Qf3 1-0

[Event "Urals-ch 78th"]
[Site "Cheliabinsk"]
[Date "2020.09.30"]
[Round "4"]
[White "Kopylov, Artem"]
[Black "Remizov, Yaroslav"]
[Result "1-0"]
[WhiteElo "2107"]
[BlackElo "2403"]
[PlyCount "109"]
[EventDate "2020.09.27"]
[EventType "swiss"]
[EventRounds "9"]
[EventCountry "RUS"]
[SourceTitle "CBM 198 Extra"]
[Source "ChessBase"]
[SourceDate "2020.11.30"]
[SourceVersion "1"]
[SourceVersionDate "2020.11.30"]
[SourceQuality "1"]

1. d4 d5 2. c4 c6 3. Nc3 g6 4. cxd5 cxd5 5. Qb3 Nf6 6. Bg5 Nc6 7. Bxf6 exf6 8. e3 Bd6 9. g3 0-0 10. Bg2 Bf5 11. a3 Na5 12. Qa2 Bd3 13. Bxd5 Qb6 14. Nge2 Rac8 15. b4 Nc4 16. 0-0 Qa6 17. Rfd1 Nb6 18. Bxb7 Qxb7 19. Rxd3 f5 20. Rdd1 Qf3 21. Rac1 h5 22. d5 h4 23. Nd4 Qh5 24. Qe2 Qh6 25. Ncb5 Be5 26. Rxc8 Rxc8 27. Nf3 Bf6 28. Nxa7 Rd8 29. d6 hxg3 30. hxg3 Kg7 31. Qf1 Qh5 32. Qg2 Nc4 33. Nc6 Rxd6 34. Rxd6 Nxd6 35. Ncd4 Qg4 36. Qf1 g5 37. Qa6 Ne4 38. Qb5 Nxg3 39. fxg3 Qxg3+ 40. Kf1 Qh3+ 41. Kf2 g4 42. Qxf5 Bxd4 43. Qg5+ Kh7 44. Qh4+ Qxh4+ 45. Nxh4 Bb2 46. a4 Ba3 47. b5 Bc5 48. a5 Kg7 49. Nf5+ Kf6 50. Nd4 Ke5 51. b6 Kd6 52. Kg3 f5 53. Nxf5+ Kc6 54. e4 Kb5 55. e5 1-0

[Event "EU-ch Online U2300 Qual"]
[Site "Chess.com INT"]
[Date "2020.05.25"]
[Round "1"]
[White "Gallasch, Jonas"]
[Black "Kopylov, Artem"]
[Result "1-0"]
[WhiteElo "2090"]
[BlackElo "2107"]
[PlyCount "55"]
[EventDate "2020.05.25"]
[EventType "swiss"]
[EventRounds "8"]
[EventCountry "NET"]
[SourceTitle "EXT 2021"]
[Source "ChessBase"]
[SourceDate "2020.10.23"]
[SourceVersion "1"]
[SourceVersionDate "2020.10.23"]
[SourceQuality "1"]

1. d4 d5 2. c4 c6 3. cxd5 cxd5 4. Nc3 Nc6 5. Bf4 Nf6 6. Nf3 a6 7. Rc1 Bf5 8. e3 Rc8 9. Be2 e6 10. Qb3 Na5 11. Qd1 Nc6 12. 0-0 Bd6 13. Ne5 0-0 14. Na4 Bxe5 15. Bxe5 Nxe5 16. dxe5 Nd7 17. Qd4 Qa5 18. b3 b5 19. Nc3 Nb8 20. f4 Nc6 21. Qd2 Qb6 22. g4 Bg6 23. f5 exf5 24. gxf5 d4 25. Nd5 Qd8 26. e4 Nxe5 27. Rxc8 Qxc8 28. Ne7+ 1-0

[Event "EU-ch Online U2300 Qual"]
[Site "Chess.com INT"]
[Date "2020.05.25"]
[Round "3"]
[White "Jakubauskas, Zygimantas"]
[Black "Kopylov, Artem"]
[Result "0-1"]
[WhiteElo "2032"]
[BlackElo "2107"]
[PlyCount "154"]
[EventDate "2020.05.25"]
[EventType "swiss"]
[EventRounds "8"]
[EventCountry "NET"]
[SourceTitle "EXT 2021"]
[Source "ChessBase"]
[SourceDate "2020.10.23"]
[SourceVersion "1"]
[SourceVersionDate "2020.10.23"]
[SourceQuality "1"]

1. e4 e5 2. Nf3 Nc6 3. Bb5 a6 4. Ba4 Nf6 5. 0-0 b5 6. Bb3 Bb7 7. d3 Be7 8. c3 0-0 9. h3 d6 10. Re1 Na5 11. Bc2 c5 12. d4 Qc7 13. d5 Nc4 14. b3 Nb6 15. Nbd2 c4 16. bxc4 Nxc4 17. Bd3 Nxd2 18. Qxd2 Rfc8 19. Bb2 Qd7 20. a4 bxa4 21. Qc2 Bd8 22. Qxa4 Qxa4 23. Rxa4 Nd7 24. Bf1 Nc5 25. Ra2 a5 26. Nd2 a4 27. Nc4 Bc7 28. f3 Ba6 29. Nd2 Bxf1 30. Kxf1 Ba5 31. Rea1 Nd3 32. Nb1 Nxb2 33. Rxb2 Bxc3 34. Nxc3 Rxc3 35. Rb6 a3 36. Rxd6 Rb3 37. Rc6 a2 38. Rcc1 Rb2 39. Rd1 Kf8 40. Kg1 Ke7 41. Kh2 Kd6 42. Kg3 Rc8 43. Rg1 Rcc2 44. h4 h5 45. Kh3 Rc3 46. Kg3 Kd7 47. Kh3 Rcb3 48. Kh2 g6 49. Rgc1 Rb1 50. Rxa2 Rxc1 51. Ra7+ Rc7 52. Ra6 Rb2 53. Ra1 f6 54. Kh3 Rb6 55. g4 hxg4+ 56. Kxg4 Rd6 57. h5 gxh5+ 58. Kxh5 Rc3 59. Kg4 Rc7 60. Kf5 Rc3 61. Ra7+ Ke8 62. Kg4 Rd7 63. Ra6 Kf7 64. f4 exf4 65. Kxf4 Rc1 66. Ke3 Re7 67. Ra4 Re1+ 68. Kf4 Rd7 69. Rb4 Rf1+ 70. Ke3 Re7 71. Kd3 Rd1+ 72. Ke2 Rxd5 73. Kf3 Rd3+ 74. Kf4 Red7 75. Ra4 R3d4 76. Ra6 Re7 77. Kf5 Re5+ 0-1

[Event "Moscow op-A 16th"]
[Site "Moscow"]
[Date "2020.02.02"]
[Round "9"]
[White "Postnikov, Artem"]
[Black "Kopylov, Artem"]
[Result "0-1"]
[WhiteElo "2291"]
[BlackElo "2028"]
[PlyCount "106"]
[EventDate "2020.01.25"]
[EventType "swiss"]
[EventRounds "9"]
[EventCountry "RUS"]
[SourceTitle "CBM 194 Extra"]
[Source "ChessBase"]
[SourceDate "2020.03.31"]
[SourceVersion "1"]
[SourceVersionDate "2020.03.31"]
[SourceQuality "1"]

1. e4 e5 2. Nf3 Nc6 3. Bb5 Nf6 4. d3 Bc5 5. Bxc6 dxc6 6. Qe2 Nd7 7. Nbd2 Qe7 8. Nc4 f6 9. Bd2 Nf8 10. Nh4 Be6 11. Ne3 Qd7 12. g3 a6 13. f4 exf4 14. gxf4 0-0-0 15. f5 Bf7 16. Bc3 Qe7 17. a3 g5 18. Nf3 Bh5 19. 0-0-0 Nd7 20. h3 Ne5 21. Bxe5 Qxe5 22. Ng4 Qf4+ 23. Nd2 Rhe8 24. Kb1 Qd6 25. Qf3 Bd4 26. Rde1 Qe7 27. Qg3 c5 28. Nf3 c4 29. Nxd4 Rxd4 30. e5 cxd3 31. cxd3 fxe5 32. Rxe5 Qd8 33. Rxe8 Bxe8 34. Ne5 Bb5 35. Rd1 Qf6 36. Qe3 Rd5 37. d4 Qxf5+ 38. Ka1 Kb8 39. Rc1 Qf4 40. Qxf4 gxf4 41. Rg1 Rxd4 42. Rg8+ Ka7 43. Rf8 Re4 44. Rf5 Be2 45. b4 Re3 46. Kb2 f3 47. Ng4 Rd3 48. Rf7 h5 49. Nf2 Rd2+ 50. Kc3 Ra2 51. Rxc7 Rxa3+ 52. Kc2 Bb5 53. Kd2 Bc6 0-1

[Event "Moscow op-A 16th"]
[Site "Moscow"]
[Date "2020.01.31"]
[Round "7"]
[White "Petrukhina, Olga"]
[Black "Kopylov, Artem"]
[Result "1/2-1/2"]
[WhiteElo "2150"]
[BlackElo "2028"]
[PlyCount "84"]
[EventDate "2020.01.25"]
[EventType "swiss"]
[EventRounds "9"]
[EventCountry "RUS"]
[SourceTitle "CBM 194 Extra"]
[Source "ChessBase"]
[SourceDate "2020.03.31"]
[SourceVersion "1"]
[SourceVersionDate "2020.03.31"]
[SourceQuality "1"]

1. c4 c6 2. Nf3 d5 3. g3 Nf6 4. Bg2 Bf5 5. Qb3 Qb6 6. d3 Qxb3 7. axb3 e6 8. Be3 a6 9. Nh4 Bg4 10. h3 Bh5 11. f4 Bg6 12. 0-0 Bd6 13. Nc3 Nbd7 14. Bf2 Nc5 15. cxd5 Nxd5 16. Nxd5 cxd5 17. b4 Nd7 18. e4 dxe4 19. dxe4 f6 20. Nxg6 hxg6 21. e5 fxe5 22. fxe5 Nxe5 23. b5 a5 24. Bd4 Rc8 25. Rxa5 Ke7 26. Ra7 Rc7 27. Be3 Rb8 28. b6 Rd7 29. Be4 Ke8 30. Kg2 Rf7 31. Rd1 Nc4 32. Bg5 Be7 33. Bc1 Rf6 34. Bxb7 Bc5 35. Bc6+ Kf8 36. Ra4 Nxb6 37. Rh4 Kf7 38. Rf4 Rc8 39. Be4 e5 40. Rff1 Bd4 41. Bg5 Nc4 42. Bxf6 gxf6 1/2-1/2

[Event "Moscow op-A 16th"]
[Site "Moscow"]
[Date "2020.01.27"]
[Round "3"]
[White "Kopylov, Artem"]
[Black "Yeritsyan, Hayk"]
[Result "1-0"]
[WhiteElo "2028"]
[BlackElo "2291"]
[PlyCount "53"]
[EventDate "2020.01.25"]
[EventType "swiss"]
[EventRounds "9"]
[EventCountry "RUS"]
[SourceTitle "CBM 194 Extra"]
[Source "ChessBase"]
[SourceDate "2020.03.31"]
[SourceVersion "1"]
[SourceVersionDate "2020.03.31"]
[SourceQuality "1"]

1. Nf3 Nf6 2. c4 c5 3. g3 Nc6 4. Bg2 d5 5. cxd5 Nxd5 6. d4 cxd4 7. Nxd4 Ndb4 8. Nxc6 Qxd1+ 9. Kxd1 Nxc6 10. Be3 Bd7 11. Nd2 g6 12. Rc1 Rd8 13. Kc2 Bf5+ 14. Ne4 Rd5 15. Kb1 Bg7 16. g4 Be6 17. Nc5 Rxc5 18. Rxc5 Bxg4 19. Bxc6+ bxc6 20. Rxc6 Kd7 21. Rc5 Bxe2 22. Re1 Bf3 23. Bf4 Re8 24. Rc7+ Kd8 25. Rec1 Bg4 26. Rxa7 e5 27. Bg5+ 1-0

[Event "Moscow op-A 16th"]
[Site "Moscow"]
[Date "2020.01.25"]
[Round "1"]
[White "Kopylov, Artem"]
[Black "Vdovin, Vadim"]
[Result "0-1"]
[WhiteElo "2028"]
[BlackElo "2355"]
[PlyCount "132"]
[EventDate "2020.01.25"]
[EventType "swiss"]
[EventRounds "9"]
[EventCountry "RUS"]
[SourceTitle "CBM 194 Extra"]
[Source "ChessBase"]
[SourceDate "2020.03.31"]
[SourceVersion "1"]
[SourceVersionDate "2020.03.31"]
[SourceQuality "1"]

1. Nf3 Nf6 2. c4 c5 3. Nc3 d5 4. cxd5 Nxd5 5. d4 Nxc3 6. bxc3 g6 7. Bf4 Qa5 8. Qd2 Bg7 9. e3 0-0 10. Bd3 Nc6 11. Rb1 a6 12. 0-0 Rd8 13. Rfd1 b5 14. c4 Qxd2 15. Rxd2 cxd4 16. Be4 Bf5 17. Bxf5 gxf5 18. cxb5 axb5 19. Rxb5 e5 20. Nxe5 Rab8 21. Nxc6 Rxb5 22. g3 Rd7 23. Nxd4 Rbd5 24. Rc2 Bxd4 25. exd4 Rxd4 26. Re2 Re4 27. Rb2 Kg7 28. Kg2 Ra4 29. Rb6 f6 30. Rb2 Rda7 31. Be3 Rxa2 32. Rb5 R7a5 33. Rb7+ Kg6 34. Rb3 R5a3 35. Rxa3 Rxa3 36. Kf3 Ra1 37. Kg2 Kf7 38. Bf4 Ke6 39. Be3 Kd5 40. Bf4 Ke4 41. Be3 h5 42. Kh3 Ra8 43. Kh4 Rh8 44. Bf4 Kf3 45. Be3 Ke4 46. Bf4 Kd5 47. Be3 Ke6 48. Bf4 Kf7 49. Be3 Kg6 50. Bf4 Rd8 51. Be3 Rd1 52. Kh3 Ra1 53. Bf4 Kf7 54. Be3 Ke6 55. Kh4 Rh1 56. Kxh5 Rxh2+ 57. Kg6 Rh8 58. Bh6 Rg8+ 59. Kh5 Kd5 60. Be3 Ke4 61. Bc5 f4 62. gxf4 Kxf4 63. Bd4 f5 64. Kh6 Kf3 65. Kh5 Rg2 66. Kh4 Rg4+ 0-1